100 mortels de la mythologie grecque - Statistiques

Statistiques générales
  • Ce quiz a été pris 188 fois
  • Le résultat moyen est 36 sur 100
Statistiques - réponses
Hint Réponse % Correct
3. Ulysse
93%
5. Achille
92%
2. Thésée
87%
1. Héraclès
82%
11. Pâris
82%
9. Hélène
81%
4. Persée
81%
17. Agamemnon
80%
12. Hector
78%
7. Jason
76%
6. Œdipe
76%
18. Ménélas
73%
21. Pénélope
73%
10. Ariane
71%
49. Priam
69%
33. Télémaque
69%
58. Ajax
63%
15. Minos
63%
31. Patrocle
63%
8. Orphée
60%
26. Antigone
59%
20. Icare
58%
28. Cassandre
57%
16. Dédale
57%
40. Énée
57%
24. Pollux
55%
65. Andromaque
54%
29. Phèdre
54%
14. Médée
52%
23. Castor
49%
27. Eurydice
48%
57. Iphigénie
48%
22. Narcisse
47%
39. Clytemnestre
46%
25. Égée
45%
36. Sisyphe
43%
66. Jocaste
42%
61. Diomède
41%
19. Tantale
41%
32. Bellérophon
40%
34. Europe
39%
51. Hippolyte
39%
35. Daphné
37%
67. Hécube
36%
71. Oreste
36%
45. Atalante
35%
30. Midas
34%
47. Pasiphaé
33%
52. Léda
30%
84. Nestor
30%
44. Andromède
29%
64. Créon
29%
89. Mégara
29%
37. Danaé
28%
13. Pandore
28%
43. Augias
27%
46. Arachné
25%
77. Étéocle
25%
70. Ismène
25%
50. Sémélé
25%
38. Alcmène
24%
81. Pélée
24%
48. Déjanire
23%
42. Ixion
23%
78. Polynice
23%
80. Briséis
20%
76. Laïos
20%
55. Actéon
19%
60. Psyché
19%
74. Rhadamanthe
19%
59. Tirésias
19%
54. Nausicaa
18%
68. Adonis
17%
75. Éaque
17%
56. Eurysthée
16%
82. Amphitryon
14%
41. Asclépios
14%
79. Méléagre
14%
73. Sarpédon
14%
69. Anchise
13%
96. Tyndare
12%
90. Atrée
11%
93. Deucalion
10%
95 Cadmos
8%
100. Égisthe
8%
63. Pélias
8%
72. Pélops
8%
94. Pyrrha
8%
62. Phaéton
7%
83. Pirithoos
7%
86. Zétès
7%
85. Calaïs
5%
53. Éétés
5%
88. Hémon
5%
97. Idoménée
5%
87. Phinée
4%
92. Niobé
2%
98. Omphale
2%
91. Thyeste
2%
99. Absyrte
1%
Aucun quiz correspondant
Distribution des résultats
% des personnes avec chaque résultat
Percentile par nombre de réponses
Votre historique - résultats
Vous n’avez pas pris ce quiz